| 000 | 00654nam a2200241Ia 4500 | ||
|---|---|---|---|
| 003 | OSt | ||
| 005 | 20220918184052.0 | ||
| 006 | a|||||r|||| 00| 0 | ||
| 007 | ta | ||
| 008 | 220917b |||||||| |||| 00| 0 eng d | ||
| 024 | _a44,273 | ||
| 037 | _cTextual | ||
| 040 |
_aARTS _cARTS _beng |
||
| 041 |
_2eng _aeng |
||
| 082 | _aO15,1M95,1, 111L4.1-.2 | ||
| 100 |
_aSastri G C _964426 |
||
| 245 | 0 | _aSri Hari Van Vicharan Kavyam | |
| 260 |
_aSundernagar _bThe Authpor _c1979 |
||
| 300 |
_a338p. _ccm. |
||
| 650 | _aSANSKRIT LITERATURE | ||
| 942 |
_hO15,1M95,1, 111L4.1-.2 _cTEXL _2CC |
||
| 999 |
_c174993 _d174993 |
||